Normal view MARC view

Entry Personal Name

Number of records used in: 1

001 - CONTROL NUMBER

  • control field: 110

003 - CONTROL NUMBER IDENTIFIER

  • control field: OSt

005 - DATE AND TIME OF LATEST TRANSACTION

  • control field: 20110406132942.0

008 - FIXED-LENGTH DATA ELEMENTS

  • fixed length control field: 110406|||a|||||| | ||| d

040 ## - CATALOGING SOURCE

  • Original cataloging agency: OSt
  • Transcribing agency: OSt

100 ## - HEADING--PERSONAL NAME

  • Personal name: Allen, Peter A. P. J.
  • Fuller form of name: (Peter Austin Philip Jermyn),
  • Titles and other words associated with a name: Sir,
  • Dates associated with a name: 1929-
  • Relator term: joint author.

670 ## - SOURCE DATA FOUND

  • Source citation: Work cat.: (OSt)0: Brown, Douglas, 1928- 107, An introduction to the law of Uganda,, 1968.